La chiesa di Santa Maria del Carmine e il convento Carmelitano a Rovereto: notizie storiche

Gorde:
Xehetasun bibliografikoak
Egile nagusia: Tamanini, Enrico (Egilea)
Formatua: Liburua
Hizkuntza:italiera
Argitaratua: Roma Società Museo Civico di Rovereto 1964
Edizioa:1a. ed
Gaiak:
Etiketak: Etiketa erantsi
Etiketarik gabe, Izan zaitez lehena erregistro honi etiketa jartzen!

MARC

LEADER 00000cam a2200000 a 4500
001 UCD9694
003 CL-VaPUC
008 170630e19640700it |||||||||||||||||ita|d
082 0 4 |a 708  |b TAM  |2 21 
100 0 |a Tamanini, Enrico  |e author  |9 593334 
245 1 3 |a La chiesa di Santa Maria del Carmine e il convento Carmelitano a Rovereto: notizie storiche 
250 |a 1a. ed 
300 |a 174 p 
942 |c BK 
945 |d 20170630 21:31:00  |a arojas 
260 |a Roma  |b Società Museo Civico di Rovereto  |c 1964 
650 0 |a Iglesias  |9 352850 
650 0 |a Conventos  |9 328972 
650 0 |a Museos históricos  |9 255112 
650 7 |a MUSEOS ITALIANOS  |2 CL-VaPUC  |9 360323 
583 |a last modification  |c 20170630 21:31:00  |k Rodrigo Vera 
999 |c 368743  |d 368741 
952 |0 0  |1 0  |3 erd  |4 0  |6 708_000000000000000_TAM_1964  |7 0  |8 A  |9 484174  |a FDOLAF  |b FDOLAF  |e Laffi, Umberto, 1939-  |i 5402875  |o 708 TAM 1964  |p 5402875  |r 2024-01-30  |w 2019-11-24  |y BK  |z Catalogado en:20170630  |k LAF